00436 2200169 4500245004900000020002200049250001000071100001900081700001800100700001700118005001900135260005900154041001400213084001000227300002000237336000900257 aMisteri Banteng WulungcVarida AriyanihText a978-979-609-276-3 aCet.1 aVarida Ariyani aKity Karenisa aYol Yulianto a20240917150028 aJakartabBadan Pengembangan Bahasa dan Perbukuanc2016 aIndonesia a741.5 a53 hlm :c28 cm atext